MARC

LEADER 00000nam0a2200000 4500
001 339350
005 20231102005133.0
035 |a (RuTPU)RU\TPU\book\365865 
090 |a 339350 
100 |a 20171218d1979 km y0rusy50 ca 
101 0 |a rus 
102 |a RU 
105 |a a z 001zy 
200 1 |a Волшебное зеркало : Современные методы и средства голографии  |f В. С. Фролов  |g Народный университет 
210 |a Москва  |c Знание  |d 1979 
215 |a 144 с.  |c ил. 
320 |a Библиогр.: с. 143-144 
606 1 |a Голография  |2 stltpush  |3 (RuTPU)RU\TPU\subj\7402  |9 35072 
610 1 |a глаза 
610 1 |a оптические приборы 
610 1 |a память 
610 1 |a скальпели 
610 1 |a световые перья 
610 1 |a голограммы 
610 1 |a аэрозоли 
610 1 |a вирусы 
610 1 |a звуки 
610 1 |a кардиографы 
610 1 |a человек-машина 
610 1 |a дизайн 
610 1 |a антропология 
610 1 |a патологоанатомия 
610 1 |a биология 
610 1 |a медицина 
610 1 |a применение 
675 |a 778.38  |v 4 
700 1 |a Фролов  |b В. С.  |g Владимир Сергеевич 
712 0 2 |a Народный университет  |c (Москва)  |2 stltpush  |3 (RuTPU)RU\TPU\col\18212  |9 26939 
801 1 |a RU  |b 63413507  |c 20171218 
801 2 |a RU  |b 63413507  |c 20171219  |g RCR 
942 |c BK